Statistiques concernant Jeu vidéo par lettre - G

Cliquez ici pour prendre le quiz!

Statistiques générales

  • Ce quiz a été pris 340 fois
  • Le résultat moyen est 11 sur 20

Statistiques - réponses

IndicesRéponses% Correct
Série de jeux de tir à la troisième personne dont l'opus se déroulant dans
l'état fictif de San Andreas est le plus célèbre
Grand Theft Auto
99%
Console de salon de Nintendo commercialisée en 2001 ayant accueilli Luigi's
Mansion, Super Monkey Ball ou encore Super Mario Sunshine
GameCube
94%
Série de jeux de rythme d'Activision connue pour se jouer à l'aide d'une fausse
guitare électrique
Guitar Hero
89%
Série de beat'em all dans laquelle le joueur incarne Kratos, redoutable guerrierGod of War
85%
Gerudo malicieux, antagoniste principal des jeux The Legend of Zelda,
associé à l'élément "force" de la Triforce
Ganondorf
75%
Champignon bipède à l'air menaçant, ennemi commun des jeux MarioGoomba
74%
Pokémon à l'origine et défenseur des terres émergées, associé au rubis et
s'opposant à Kyogre
Groudon
72%
Série de jeux de course automobile débutée en 1997 sur PlayStation,
deuxième du genre par le nombre de ventes après Need for Speed
Gran Turismo
70%
Série de TPS créée par Epic Games et détenue par Microsoft, littéralement
"engrenages de guerre"
Gears of War
69%
FPS de Rare adapté d'un célèbre film d'espionnage éponyme ayant
popularisé le genre sur console de salon, en l'occurrence Nintendo 64
GoldenEye 007
68%
Studio de développement à l'origine et détenteur des droits de la licence
Pokémon avec Nintendo et Creatures Inc.
Game Freak
59%
Intelligence artificielle des jeux Portal, dotée d'une conscience humaine et
manipulatrice
GLaDOS
57%
Console portable de Sega, commercialisée dès 1990 et conçue pour être la
principale concurrente de la Game Boy
Game Gear
49%
Crapaud bleu bipède, amis de Rayman, grand et fort mais un peu lâcheGlobox
25%
Action-RPG de 2020 dans lequel le joueur incarne un voyageur en apprenant
plus sur le monde de Teyvat et ses légendes
Genshin Impact
22%
Die and retry de 2013 décliné en plusieurs versions sur mobile et PC dans
lequel la musique, et en particulier son rythme, jouent un rôle prépondérant
Geometry Dash
21%
Jeu de plateformes de Capcom initialement d'arcade puis largement adapté,
Makaimura au Japon, dont la suite s'intitule Ghouls 'n Ghosts
Ghosts 'n Goblins
17%
RPG emblématique de la Game Boy Advance, ayant connu deux suites dont
une sur Nintendo DS, se déroulant dans le monde de Weyard
Golden Sun
17%
Shoot'em up de Namco créé en 1981, suite de Galaxian, apparaissant dans
les films Karaté Kid, Avengers ou encore Pixels
Galaga
13%
Consoles fabriquées par la société Game Park (citez-en une)GP32/GP2X
(Wiz, Caanoo,...)
3%

Distribution des résultats

Percentile par nombre de réponses

% des personnes avec chaque résultat

Votre développement - résultats

Vous n’avez pas pris ce quiz